00230nam a2200097Ia 4500008004100000041000800041082001400049100001400063245002900077260002600106231212s1980 xx 000 0 und d aeng a621.31042 aBrazam A. aAutomation in Electrical aMascowbMir Pubc1980